5HLuxD.jpg

KING HENRY VIII SENIOR AND PRIMARY SCHOOL LIBRARY OPAC

Let go my hand / (Record no. 520)

000 -LEADER
fixed length control field 01767nam a2200349 i 4500
001 - CONTROL NUMBER
control field 020844369
003 - CONTROL NUMBER IDENTIFIER
control field UkOxU
005 - DATE AND TIME OF LATEST TRANSACTION
control field 20190820082027.0
008 - FIXED-LENGTH DATA ELEMENTS--GENERAL INFORMATION
fixed length control field 161207s2017 enk 000 1 eng d
010 ## - LIBRARY OF CONGRESS CONTROL NUMBER
LC control number 2017392158
015 ## - NATIONAL BIBLIOGRAPHY NUMBER
National bibliography number GBB716851
Source bnb
016 7# - NATIONAL BIBLIOGRAPHIC AGENCY CONTROL NUMBER
Record control number 018213781
Source Uk
020 ## - INTERNATIONAL STANDARD BOOK NUMBER
International Standard Book Number 9780330463539
035 ## - SYSTEM CONTROL NUMBER
System control number (Uk)018213781
040 ## - CATALOGING SOURCE
Original cataloging agency StDuBDS
Language of cataloging eng
Description conventions rda
Transcribing agency StDuBDS
Modifying agency Uk
-- UkOxU
042 ## - AUTHENTICATION CODE
Authentication code ukblcatcopy
082 04 - DEWEY DECIMAL CLASSIFICATION NUMBER
Classification number FIC DOC
Edition number 23
100 1# - MAIN ENTRY--PERSONAL NAME
Personal name Docx, Edward,
Relator term author.
245 10 - TITLE STATEMENT
Title Let go my hand /
Statement of responsibility, etc. Edward Docx.
264 #1 - PRODUCTION, PUBLICATION, DISTRIBUTION, MANUFACTURE, AND COPYRIGHT NOTICE
Place of production, publication, distribution, manufacture London :
Name of producer, publisher, distributor, manufacturer Picador,
Date of production, publication, distribution, manufacture, or copyright notice 2018.
300 ## - PHYSICAL DESCRIPTION
Extent 416 pages ;
Dimensions 20 cm
336 ## - CONTENT TYPE
Content type term text
Source rdacontent
337 ## - MEDIA TYPE
Media type term unmediated
Source rdamedia
338 ## - CARRIER TYPE
Carrier type term volume
Source rdacarrier
500 ## - GENERAL NOTE
General note Formerly CIP.
Institution to which field applies Uk
520 ## - SUMMARY, ETC.
Summary, etc. Louis Lasker loves his family dearly - apart from when he doesn't. There's a lot of history. His father's marriages, his mother's death; one brother in exile, another in denial; everything said, everything unsaid. And now his father (the best of men, the worst of men) has taken a decision which will affect them all and has asked his three sons to join him on one final journey across Europe. But Louis is far from sure that this trip is a good idea. His older half-brothers are wonderful, terrible, troublesome people. And they're as suspicious as they are supportive ... because the truth is that they've never forgiven their father for the damaging secrets and corrosive lies of his past. So how much does Louis love his dad - to death? Or can this flawed family's bond prove powerful enough to keep a dying man alive?
530 ## - ADDITIONAL PHYSICAL FORM AVAILABLE NOTE
Additional physical form available note Also issued online.
650 #0 - SUBJECT ADDED ENTRY--TOPICAL TERM
Topical term or geographic name entry element Fathers and sons
Form subdivision Fiction.
776 08 - ADDITIONAL PHYSICAL FORM ENTRY
Relationship information ebook version :
International Standard Book Number 9781447281771
942 ## - ADDED ENTRY ELEMENTS (KOHA)
Source of classification or shelving scheme
Koha item type Books - Fiction
Holdings
Withdrawn status Lost status Source of classification or shelving scheme Damaged status Not for loan Collection code Permanent Location Current Location Shelving location Date acquired Total Checkouts Total Renewals Full call number Barcode Date last seen Date last checked out Price effective from Koha item type
          Fiction KH8 Senior School Library KH8 Senior School Library Fiction 2019-08-20 1 1 FIC DOC 3KHSL000100183 2024-07-16 2020-09-08 2019-08-20 Books - Fiction

Powered By KH8 IT Dept